[Event "Zuerich Chess Challenge 4th"]
[Site "Zuerich"]
[Date "2015.02.17"]
[Round "4"]
[White "Anand, Viswanathan"]
[Black "Nakamura, Hikaru"]
[Result "1-0"]
[WhiteElo "2797"]
[BlackElo "2776"]
[Annotator "Krasenkow,M"]
[PlyCount "81"]
[EventDate "2015.02.14"]
[EventType "tourn"]
[EventRounds "5"]
[EventCountry "SUI"]
[EventCategory "22"]
[SourceTitle "CBM 165"]
[Source "ChessBase"]
[SourceDate "2015.03.11"]
[SourceVersion "1"]
[SourceVersionDate "2015.03.11"]
[SourceQuality "1"]

1. d4 d5 2. c4 e6 3. Nc3 Be7 4. Nf3 Nf6 5. Bf4 O-O 6. e3 Nbd7 7. c5 Nh5 8. Bd3
Nxf4 9. exf4 b6 10. b4 a5 11. a3 c6 12. O-O Qc7 13. g3 Ba6 14. Re1 (14. Bxa6
Rxa6 15. Qe2 {, with ideas f4-f5 and b4-b5 c6xb5 Nc3xd5, is more common. The
text move, renouncing tactical chances, leads to a standard position,
generally considered satisfactory for Black.}) {The whole system was examined
in CBM 138, annotations to Nakamura - Nielsen.} 14... Bf6 (14... Rfb8 15. h4
Bxd3 16. Qxd3 axb4 17. axb4 bxc5 18. bxc5 g6 19. h5 Rxa1 20. Rxa1 Rb2 21. Ne5
Nxe5 22. fxe5 $36 Qb7 $6 {1/2 (53) Malakhatko,V (2558)-Socko,B (2619) St
Petersburg 2012} 23. Na4 $1 Qa7 24. Qf1 $16 {[%cal Ya4b6]}) (14... Bxd3 15.
Qxd3 g6 (15... Ra7 16. Rac1 axb4 17. axb4 Bf6 18. h4 bxc5 19. bxc5 Rb8 $132 {
1/2 (34) Ivanchuk,V (2741)-Bruzon Batista,L (2668) Havana 2010}) 16. h4 Kg7 $11
17. Ng5 Bf6 18. h5 $6 axb4 19. axb4 bxc5 20. bxc5 Rxa1 21. Rxa1 {1-0 (59)
Andreikin,D (2700)-Radjabov,T (2788) Astana 2012} e5 $3 $17) 15. Kg2 (15. Bc2
Bc4 16. Qd2 Ra7 17. Ne5 axb4 18. axb4 bxc5 19. bxc5 Nxe5 20. fxe5 Be7 21. Rab1
Rfa8 22. Rb4 Bd8 23. Ne4 Qe7 $132 {1-0 (40) Nakamura,H (2729)-Nielsen,P (2700)
Amsterdam 2010 CBM 138 [Krasenkow,M]}) (15. h4 Qa7 16. b5 Bb7 17. cxb6 Nxb6 18.
Ne5 Rac8 19. f5 exf5 20. Bxf5 Rc7 21. bxc6 {1/2 (21) Fier,A (2571)-So,W (2673)
Moscow 2011}) (15. Ne5 Bxe5 $5 {(probably the simplest way to equality)} (15...
Bxd3 16. Qxd3 Rfb8 $6 17. Nxd7 $1 Qxd7 18. Na4 Bd8 19. f5 b5 20. Nb2 $1 Bf6 21.
fxe6 fxe6 22. Qe3 Re8 23. Nd3 $14 {1-0 (71) Pogorelov R (2401)-Bruzon L (2573)
Mondariz Balneario 2001 Inf 82/372 [Pogorelov,R]}) 16. fxe5 Bxd3 17. Qxd3 Qb7 (
17... Ra7 18. Reb1 b5 19. a4 axb4 20. Rxb4 f6 $1 21. exf6 Nxf6 22. Qe2 Re8 23.
Re1 (23. f4 $142) 23... bxa4 24. Rxa4 Rxa4 25. Nxa4 Qa5 $132 {1/2 (32)
Krasenkow,M (2620)-Riazantsev,A (2634) France 2009}) 18. Reb1 (18. cxb6 axb4
19. axb4 Nxb6 20. b5 Nc4 21. bxc6 Qxc6 $11 {1/2 (54) Getz,N (2391)-Azarov,S 
(2648) Rogaska Slatina 2011}) (18. h4 $5) 18... axb4 19. axb4 Rxa1 20. Rxa1 Ra8
21. Qd1 Rxa1 {1/2 (21) Michalik,P (2511)-Azarov,S (2648) Czechia 2012}) 15...
Bxd3 (15... bxc5 $6 16. bxc5 Nxc5 17. dxc5 Bxc3 18. Bxh7+ $1 Kh8 (18... Kxh7
19. Qc2+ Kg8 20. Ng5 Rfe8 21. Qxc3) 19. Nh4 g6 (19... Kxh7 20. Qc2+ Kg8 21.
Qxc3 {- in both bracketed lines White's knight is stronger than Black's bishop}
) 20. Bxg6 fxg6 21. Nxg6+ Kg8 22. Nxf8 Rxf8 23. Rxe6 Bxa1 24. Qxa1 {, and
White keeps a strong attack without material deficit.}) 16. Qxd3 Rfb8 {[%mdl
32]} (16... Ra7 $1 {[%cal Yf8a8] is a typical and quite appropriate plan in
this kind of positions. Instead, Black starts an unusual and slightly dubious
plan.}) 17. h4 Qa7 18. Ne2 $5 (18. Rab1 axb4 19. axb4 bxc5 20. bxc5 Qa3 {
[%cal Rd7c5]}) 18... g6 $6 ({Black rejected} 18... axb4 19. axb4 Qxa1 20. Rxa1
Rxa1 {in view of} 21. b5 {but it was bearable:} bxc5 $1 (21... cxb5 22. Qxb5
Ra7 23. c6 Nf8 24. Ne5 Rc7 25. f5 $1 $36 {D.Kryakvin}) 22. bxc6 Nf8 23. dxc5
Ra5 $1 {, and Black must capture White's passed pawns, even at the cost of an
exchange, e.g.} 24. Qe3 Rc8 25. Ned4 Rxc5 26. Ne5 Bxe5 27. Qxe5 R5xc6 28. Nxc6
Rxc6 {with a probable draw. After the text move White avoids simplifications
and continues his kingside attack; meanwhile the invasion of Black's queen is
harmless.}) 19. Rab1 axb4 20. axb4 Qa2 21. Rec1 bxc5 22. bxc5 h5 $6 {This is a
loss of a crucial tempo. Preventing h4-h5 was not Black's top priority in this
position.} (22... Ra3 {was probably insufficient for equality in view of} 23.
Rxb8+ (23. Nc3 Rbb3 $1) 23... Nxb8 24. Qd1 $1 (24. Nc3 Qb2 25. Rb1 Rxc3 26.
Rxb2 Rxd3 27. Rxb8+ Kg7 28. Rb6 Bxd4 29. Rxc6 h5 $1 {is satisfactory for Black}
) 24... Na6 (24... Qb3 25. Qxb3 Rxb3 26. Ra1 $14 {[%csl Rb8]}) 25. Rb1 Qc4 26.
f5 $3 (26. Rb6 Ra2) 26... exf5 27. Rb6 Ra2 (27... Nb4 28. h5 $40) 28. Nf4 Nxc5
29. Rb8+ Kg7 30. dxc5 Qxc5 31. Nd3 $16) (22... Rxb1 23. Rxb1 Rb8 24. Rxb8+ Nxb8
{was possible but even then the initiative belongs to White: Black has a weak
c6-pawn and kingside and no objects of counterplay.}) 23. Ne5 $1 Nxe5 (23...
Bxe5 24. fxe5 {was not pleasant either as White's knight was much more active
than Black's, e.g.} Rxb1 25. Rxb1 Rb8 26. Rxb8+ Nxb8 27. Nf4 {etc.}) 24. fxe5
Bg7 $2 {An obvious mistake, after which Black's position becomes really grim.}
(24... Bd8 $8 {covering the b6-square. Black's bishop doesn't protect his king
anymore but that is a lesser evil. After} 25. Nf4 Kg7 26. Qd1 {[%cal Yf4d3,
Yd3b4] White is clearly better but what he has is far from a decisive
advantage.}) 25. Rb6 $1 {[%csl Rc6]} Rc8 26. Nc3 Qa7 27. Rcb1 Qd7 28. R1b4 Bh6
29. Na4 Qd8 30. Ra6 Kg7 $2 (30... Rc7 {, preventing Rb4-b7, was more stubborn.}
) 31. Rb7 Rxa6 32. Qxa6 g5 {Desperation.} 33. Qe2 $1 {[%csl Rh5]} g4 34. Qa6
Qg8 (34... Rc7 35. Qb6 Rc8 36. Qa7 Ra8 37. Rxf7+ Kg6 38. Qb7 {[%cal Rf7f6]} Rb8
39. Qe7 Qxe7 40. Rxe7 Kf5 41. Nc3 $1 {, and White should win.}) 35. Nb6 Rf8 36.
Nd7 Qh7 (36... Ra8 37. Ra7 $1 $18 ({but not} 37. Qxc6 $4 Ra2 $1 {[%cal Rh6e3]
V.Anand})) 37. Nxf8 Qe4+ 38. Kh2 Kxf8 39. Rb8+ Kg7 40. Qc8 Kg6 41. Qh8 1-0

[Event "Gashimov Memorial 2nd"]
[Site "Shamkir"]
[Date "2015.04.21"]
[Round "5"]
[White "Anand, Viswanathan"]
[Black "So, Wesley"]
[Result "1-0"]
[WhiteElo "2791"]
[BlackElo "2788"]
[Annotator "Anand,V"]
[PlyCount "89"]
[EventDate "2015.04.17"]
[EventType "tourn"]
[EventRounds "9"]
[EventCountry "AZE"]
[EventCategory "21"]
[SourceTitle "CBM 166"]
[Source "ChessBase"]
[SourceDate "2015.05.11"]
[SourceVersion "1"]
[SourceVersionDate "2015.05.11"]
[SourceQuality "1"]

{Wesley had been dominating the event so far with 3.5/4.} 1. e4 e5 2. Nf3 Nc6
3. Bb5 a6 4. Ba4 Nf6 5. O-O Be7 6. d3 {In the first round, I had played 6.Re1
against Carlsen, but I hoped to try a specific idea today.} b5 7. Bb3 O-O 8.
Nc3 d6 9. a3 Nb8 {Wesley had employed this against Caruana in Wijk aan Zee
earlier this year and drew comfortably.} 10. Ng5 $5 {And this is it.} (10. a4
b4 11. Nd5 Nxd5 12. Bxd5 c6 13. Bb3 Nd7 14. d4 a5) 10... Nc6 {What we thought
was the hardest to find over the board! Black simply heads for the d4-square
which is now unguarded.} (10... h6 11. f4 $1 {Gajewski's idea which prompted
us to go for the line.} exf4 (11... hxg5 12. fxg5 {and now a sample line could
go:} Ng4 $1 (12... Bg4 13. Qe1 Nfd7 14. Qh4 Be6 15. Rf3 {wins}) 13. g6 (13. h3
{is also playable}) 13... d5 $1 14. Kh1 Bc5 15. Qe1 Qd6 16. Bxd5 Qxg6 17. Bxa8
Nxh2 18. Kxh2 Qh5+ 19. Kg3 g5 (19... Qg4+ 20. Kh2 Qh5+ $11) 20. Rh1 $1 Qg4+ 21.
Kh2 Qh5+ $11) 12. Nf3 g5 {like a King's Gambit and White reacts in similar
fashion} 13. g3 fxg3 (13... Bh3 14. gxf4 Bxf1 15. Qxf1) 14. h4 $1 {White has
good compensation.}) 11. Ba2 {Stepping out of the way.} (11. Be3 Bg4 12. f3 Bd7
13. f4 Ng4) (11. f4 $6 Nd4 12. Ba2 Bg4 13. Qd2 h6) 11... Nd4 (11... h6 12. Nf3
$5 {in effect, ...h6 Ba2 have been inserted instead of ...Nb8, which should be
helpful for White.}) 12. Ne2 Nxe2+ (12... c5 13. Nxd4 exd4 (13... cxd4 14. f4)
14. f4) 13. Qxe2 h6 $1 14. f4 $5 {Continuing with the same idea, though I did
spend a lot of time here.} hxg5 {I had concentrated on this.} (14... exf4 $1 {
a better version for Black, but White continues as before} 15. Nf3 g5 {- Qe2
turns out to be misplaced.} 16. g3 (16. h4 Nh5 $1) 16... fxg3 17. h4 (17. hxg3
d5 $15) (17. Nd4 d5 $1) 17... Bh3 (17... Nh7 18. Nd4) 18. hxg5 Ng4 $132) 15.
fxg5 Ng4 (15... Bg4 $5 16. Qf2 Nh7 17. Bxf7+ Kh8 18. Qh4 (18. Qg3 Rxf7 19. Rxf7
Be6) 18... Rxf7 (18... Bd7 19. Bg6 Rxf1+ 20. Kxf1 Qg8 21. Qh5 Rf8+ 22. Kg1 $16)
19. Rxf7 Be6 {is about equal.}) 16. g6 Bg5 $6 (16... Nh6 $1 {just holds} 17.
Bxh6 (17. h3 Be6 (17... Bg5 18. Qh5 Bxc1 19. Bxf7+ Kh8 20. Raxc1 {and Black
cant stop g4-g5}) 18. gxf7+ (18. Qh5 Bxa2 19. Bxh6 fxg6 20. Qxg6 Rxf1+ 21. Rxf1
Bf6) (18. Bxe6 fxe6 19. Qh5 Rxf1+ 20. Kxf1 Qf8+ 21. Ke2 Qf6 22. g3 Rf8 23. Be3
d5 $19)) (17. Rxf7 Rxf7 18. Bxf7+ Nxf7 19. Qh5 Be6 {wins}) 17... gxh6 18. Rxf7
Rxf7 19. Rf1 Kg7 (19... Bf6 20. Qe3 Kg7 21. gxf7 $1) 20. Rxf7+ (20. gxf7 Bf8
$13) 20... Kxg6 {surprisingly no more than a perpetual} 21. Qf3 h5 22. Rf5 Bxf5
23. Qxf5+ Kg7 24. Bf7 Qf8 25. Qg6+ Kh8 26. Qxh5+ Kg7 $11) (16... d5 {also holds
} 17. Bxd5 Bc5+ 18. Kh1 Qh4 19. g3 {and now:} Qh5 $1 {Not the easiest line to
spot} (19... Qh3 20. gxf7+ Kh8 21. Bxa8 Nxh2 (21... Be6 22. Bb7 Rxf7 23. Rxf7
Bxf7 24. Bc8 $1) 22. Qxh2 $18) 20. Bxa8 Be6 21. Bd5 (21. Bc6 fxg6 $1 22. Rxf8+
Kxf8 $19) 21... Bxd5 22. exd5 Bf2 $1 23. Rxf2 Nxf2+ 24. Qxf2 Qd1+ 25. Qg1 Qf3+
$11) 17. h3 $1 (17. Bxf7+ Rxf7 $1 (17... Kh8 18. h3 Nh6 19. Qh5 {and White
gets a much better version than in the game}) 18. Rxf7 (18. gxf7+ Kf8 19. h3
Bxc1 20. Raxc1 Nf6 {seems fine for Black}) 18... Be6) 17... Bxc1 18. Raxc1 Nh6
19. Qh5 (19. Rxf7 $1 Rxf7 20. gxf7+ Kf8 21. Qh5 {followed by Rf1 and Qg6.})
19... Be6 20. Bxe6 fxe6 21. g4 c6 $6 (21... Qe7 22. g5 Rxf1+ 23. Rxf1 Rf8 24.
gxh6 Rxf1+ 25. Kxf1 Qf8+ 26. Ke2 gxh6 27. Qg4 Qf6 28. h4 $16) (21... Rf4 $1 22.
g5 Qf8 23. Kg2 Re8 {may be difficult to break it e.g.} 24. Rxf4 exf4 25. Rg1 e5
26. Kf3 Re7) 22. Rxf8+ $2 {Since the queen ending isn't as good for White as I
thought during the game, it follows that this is a mistake} (22. g5 $1 Qb6+ (
22... Rf4 23. gxh6 Rh4 24. h7+ Kh8 25. Rf8+ Qxf8 26. Qxh4 $18) 23. Kg2 Rxf1 (
23... Qe3 24. Rce1 $1 $18 {Black can't stay on the c1-h6 diagonal} Qd2+ 25. Re2
) 24. Rxf1 Qe3 25. gxh6 Qxh6 26. Qxh6 (26. Qg4 {even this is nice for White})
26... gxh6 27. Rf7 Rf8 28. Rc7) 22... Qxf8 23. Rf1 Qe7 24. g5 Rf8 25. gxh6
Rxf1+ 26. Kxf1 Qf8+ 27. Ke2 gxh6 28. Qg4 (28. b4 Qf4 {is what White should
avoid}) (28. Kd2 Qf4+ 29. Kc3 Kg7) 28... Qf6 29. h4 (29. b4 Kg7) 29... d5 $2 {
I originally thought that Black's final mistake came earlier, but in fact this
is the real blunder. After this move, Black loses the resource Qf6-f4.} (29...
a5 {After this move, the win is no longer evident.} 30. h5 a4 $1 {taking away
the b3-square, now White's king can't run away} (30... c5 31. Qf3 Qf4 32. Qh3
$1 Qf6 (32... Kg7 33. Qxe6 Qh2+ 34. Ke1 $1 (34. Kd1 $2 Qxh5+) 34... Qh4+ 35.
Kd2 Qf2+ 36. Kc3 {and here the king escapes the check via b3.}) 33. Kd1 a4 34.
Kc1 Kg7 35. Kb1 Kg8 36. Ka2 Kg7 37. c4 $18) 31. b4 {White waits one more move}
(31. b3 b4 $1) (31. Qf3 Qf4 32. b4 {A good try, but now Black can even swap
queens} (32. Qh3 Kg7 33. b3 (33. Qxe6 Qh2+ {the difference is Kc3-b3 isn't
available for White}) 33... Qc1 $1 $11) (32. Qxf4 exf4 33. b4 (33. d4 e5 34. d5
cxd5 35. exd5 {and now White can't play...} e4 36. b3 b4 $1) 33... e5) 32...
Qxf3+ (32... Qh2+ $2 33. Ke3 $1 (33. Kd1 Qf4 {would simply repeat}) 33... Qg1+
34. Kd2 Qg5+ 35. Kc3 Qf4 36. Qh3 $1 $18 Qf6 37. Qe3 {and White breaks through})
33. Kxf3 Kg7 34. c4 (34. Ke3 Kf6 (34... c5 35. bxc5 dxc5 36. Kd2 $1 b4 37. axb4
cxb4 38. c4 {wins}) 35. c4 (35. d4 exd4+ 36. Kxd4 e5+ 37. Ke3 d5 (37... Ke7 38.
Kf3 d5 $1 {still draws. Black just has to meet Kg4 with ...Kf6, provoke c3 and
then meet Kf5 with ...d4} (38... Ke6 39. Kg4 (39. c3 c5 40. bxc5 dxc5 41. Ke2
b4) 39... c5 (39... Kf6 {only this loses} 40. c4 $3 bxc4 41. Kf3 {and the king
walks back to c3} d5 42. exd5 cxd5 43. b5 {and White's pawns can't be stopped})
40. c3 cxb4 41. cxb4 Kf6 $11)) 38. Kf3 Ke7 39. Kg3 Ke6 40. Kg4 Kf6 41. c3 Ke6
42. g7 Kf7 43. Kf5 d4 44. cxd4 exd4 45. Kf4 Kxg7 46. e5 Kf7 (46... c5 47. bxc5
b4 48. c6 (48. axb4 a3 49. c6 a2 50. c7 a1=Q 51. c8=Q Qf1+ 52. Ke4 Qh1+ $1 {
stopping Kd5} 53. Kxd4 Qd1+ {and White can't make progress}) 48... bxa3 49. c7
a2 50. c8=Q a1=Q) 47. Ke4 c5 48. bxc5 b4 49. Kxd4 b3 50. Kc3 Ke6 51. c6 Ke7)
35... Kg7 36. Kd2 (36. cxb5 cxb5 37. d4 Kf6 38. d5 exd5 39. exd5 Ke7 40. Kf3
Kf8 41. Ke4 Kg7 42. Kf5 Kf8 $11 {and White can't make progress} 43. Ke6 e4 44.
Kxd6 e3 {and Black even wins}) 36... Kf6 37. Kc3 Kg7 38. d4 {here White
threatens d5 winning} exd4+ 39. Kxd4 e5+ 40. Kd3 Kf6 41. Ke2 Ke7 42. cxb5 cxb5
{here Black waits on e6 and e7 and meets Kg4 with ...Kf6} 43. Kf3 Ke6 44. Kg3
Ke7 45. Kg4 Kf6 $1 (45... Ke6 $2 46. g7 Kf7 47. Kf5 $18)) 34... Kf6 35. Ke3 Kg7
) (31. c4 bxc4 (31... Kg7 $2 32. cxb5 cxb5 33. Qg1 $1 $18) 32. dxc4 c5 {
however, White's king is now exposed} 33. Qh3 (33. Qf3 Qf4 $1 34. Qxf4 exf4 {
and now White's king is tied down to the f-pawn and can't help with b2-b3}) (
33. b3 axb3 34. Qh3 b2 35. Qb3 Kf8 $1 36. Qxb2 Qf4 $1 37. Qb8+ Ke7 38. Qc7+ Ke8
{and White can't make progress}) 33... Kg7) (31. Qg1 Qh4 32. Qa7 Qxh5+ 33. Kd2
Qxg6 34. Qb8+ Kf7 35. Qxd6 Qg3 $1) 31... c5 (31... Kg7 32. Qg1 $1 {was the
point}) 32. c3 Kg7 (32... cxb4 $2 {premature} 33. cxb4 Kg7 34. Qg1 $1) 33. Qg3
cxb4 34. Qe3 Qf4 $1 35. Qa7+ Kf8 {and White can't improve} 36. cxb4 Qg4+ 37.
Kd2 Qg5+ 38. Kc2 Qg2+ 39. Kc3 Qf1 $1 40. Qb8+ Ke7 {and a draw.}) 30. h5 (30.
exd5 $1 cxd5 31. h5 $18 {is faster.}) 30... d4 {Here I took stock, White is
simply winning and just has to be careful.} 31. b4 $1 {Pinning down the
queenside.} Kg7 32. Qf3 Qe7 (32... Qxf3+ 33. Kxf3 Kf6 34. Ke2 Kg7 35. Kd2 Kf6
36. c3 $1 {and now both} dxc3+ ({and} 36... Kg7 37. cxd4 exd4 38. e5 {win}) 37.
Kxc3 Kg7 38. d4 {wins.}) 33. Kd1 Kg8 34. Qf2 Kg7 35. c3 dxc3 36. Kc2 Qc7 37.
Qc5 Kg8 38. Qe3 a5 39. Qh3 (39. Qxh6 axb4 40. axb4 Qa7) 39... axb4 40. Qxe6+
Kf8 41. axb4 Qa7 42. Kxc3 Qa3+ 43. Kc2 Qa4+ 44. Qb3 Qa7 45. d4 (45. d4 Kg7 (
45... exd4 46. Kd3 Kg7 47. Qf7+ Qxf7 48. gxf7 Kxf7 49. Kxd4 $18) 46. Qf7+ Qxf7
47. gxf7 Kxf7 48. dxe5 Ke6 49. Kd3 Kxe5 50. Ke3) 1-0